Penghasilan dan penilaian modul pengajaran kendiri seni reka grafik untuk pelajar-pelajar Institut Teknologi Swasta /
Saved in:
| Main Author: | |
|---|---|
| Format: | Thesis Book |
| Language: | Malay |
| Published: |
2000.
|
| Subjects: | |
| Tags: |
Add Tag
No Tags, Be the first to tag this record!
|
| LEADER | 01137cam a2200265 a 4500 | ||
|---|---|---|---|
| 001 | u478178 | ||
| 003 | SIRSI | ||
| 008 | 960110s2000 my t 00 10 may m | ||
| 035 | |a ACO-4349 | ||
| 040 | |a UMM | ||
| 043 | |a a-my--- | ||
| 090 | |a LB7 |b UM 2000 Azla | ||
| 100 | 0 | 0 | |a Azlinda Ahmad. |
| 245 | 1 | 0 | |a Penghasilan dan penilaian modul pengajaran kendiri seni reka grafik untuk pelajar-pelajar Institut Teknologi Swasta / |c Azlinda binti Ahmad. |
| 260 | |c 2000. | ||
| 300 | |a vii, 38 leaves : |b ill. ; |c 29 cm. | ||
| 502 | |a Dissertation (M.Ed.) -- Fakulti Pendidikan, Universiti Malaya, 2000. | ||
| 504 | |a Includes bibliographical references. | ||
| 650 | 0 | |a Instructional systems |z Malaysia |x Evaluation | |
| 710 | 2 | 0 | |a Universiti Malaya. |b Fakulti Pendidikan. |
| 948 | |a 13/03/2001 |b 06/06/2002 | ||
| 596 | |a 1 8 | ||
| 999 | |a LB7 UM 2000 AZLA |w LC |c 1 |i A510300300 |d 15/12/2014 |e 15/12/2014 |l STACKS |m P01UTAMA |n 18 |r Y |s Y |t TESIS |u 19/7/2001 | ||
| 999 | |a LB7 UM 2000 AZLA |w LC |c 1 |i A511078425 |l STACKS |m P08PENDIDI |r Y |s Y |t TESIS |u 5/8/2003 | ||
| 999 | |a LB7 UM 2000 AZLA |w LC |c 2 |i A516379085 |d 3/1/2020 |f 25/8/2020 |g 1 |l STACKS |m P08PENDIDI |q 2 |r Y |s Y |t TESIS |u 24/2/2016 |1 AHSS | ||
